Alice in Wonderland Characters - Statistics

General Stats
  • This quiz has been taken 991 times
    66 since last reset
  • The average score is 15 of 50
Answer Stats
Answer % Correct
Alice
100%
Hatta
91%
The Mad Hatter
91%
The Cheshire Cat
77%
The White Rabbit
75%
The Queen of Hearts
70%
Haigha
66%
The March Hare
66%
The Caterpillar
61%
Tweedledee
61%
Tweedledum
61%
The White Queen
57%
The King of Hearts
48%
The Red Queen
46%
The Dodo
36%
The Mouse
36%
The Walrus
32%
The Carpenter
30%
The Dormouse
30%
The Knave of Hearts
27%
The Duchess
25%
Dinah
23%
The White King
23%
The Pig Baby
21%
The Red King
20%
Humpty Dumpty
18%
The Mock Turtle
18%
The White Knight
18%
Bill
16%
The Red Knight
14%
The Rose
14%
The Duchess' Cook
13%
The Gryphon
11%
The Puppy
11%
Frog Footman
9%
The Daisies
9%
Fish Footman
7%
The Lion
7%
The Duck
5%
The Unicorn
5%
Kitty
4%
Pat
4%
The Gnat
4%
The Tiger-lily
4%
The Violet
4%
Snowdrop
2%
The Eaglet
0%
The Fawn
0%
The Lory
0%
The Pigeon
0%
No matching quizzes found
Score Distribution
Percent of People with Each Score
Percentile by Number Answered
Your Score History
You have not taken this quiz since the last reset